000 01161cam a22003014a 4500
001 12986785
005 20170105102915.0
008 021030s2003 nyu b 001 0 eng
010 _a 2002153051
020 _a1402566182
040 _aDLC
_cDLC
_dDLC
042 _apcc
050 0 0 _aJC423
_b.Z35 2003
082 0 0 _a321.8
_221
100 1 _aZakaria, Fareed.
245 1 4 _aThe future of freedom :
_billiberal democracy at home and abroad /
_cFareed Zakaria.
250 _a1st ed.
260 _aNew York :
_bW.W. Norton & Co.,
_cc2003.
300 _a385 p. ;
_c25 cm.
504 _aIncludes bibliographical references and index.
505 0 _aThe democratic age -- A brief history of human liberty -- The twisted path -- Illiberal democracy -- The Islamic exception -- Too much of a good thing -- The death of authority -- The way out.
650 0 _aDemocracy.
650 0 _aLiberty.
650 0 _aPolitical science
_xPhilosophy.
906 _a7
_bcbc
_corignew
_d1
_eecip
_f20
_gy-gencatlg
942 _2ddc
_cBK
999 _c15311
_d15311